| 000 | 00705nam a2200217 i 4500 | ||
|---|---|---|---|
| 001 | 147624 | ||
| 003 | ES-MaACL | ||
| 005 | 20260612132715.0 | ||
| 007 | t| | ||
| 008 | 071004s1958 it ||||1| spa d | ||
| 080 | _a871(Ovidio Narón, Publio 2.06) | ||
| 100 | 1 |
_aUscatescu, Jorge, _d1919-1995 _9112293 |
|
| 245 | 1 | 0 |
_aOvidio, poeta del destierro / _cGeorge Uscatescu. |
| 260 |
_aRoma : _b[Tip. Castaldi], _c1958. |
||
| 300 |
_a3 h. ; _c24 cm. |
||
| 500 | _aPrecede al tít.: Societas Academica Daco-Romana. | ||
| 600 | 1 | 4 |
_aOvidio Nasón, Publio- _xCrítica e interpretación. _988014 |
| 710 | 2 |
_aSocietas Academica-Romana. _96822 |
|
| 852 |
_aES-MaACL _j2022-F-25 _bR.48782 |
||
| 999 |
_c147624 _d147624 |
||